00401nam a22001457a 450000500170000000800410001704100080005808200230006610000210008924500450011026000520015530000080020750000250021550000150024020250418152556.0250418b |||||||| |||| 00| 0 eng d amar a891.46bSAH B22557 aSahastrabuddhe J aBharatiya Swatantrya Sangram Ani Vidnyan aPunebBharatiya Vichar Sadhana Prakashan c2021 a39p aMarathi Literature  aLiterature